01443cam a2200385 a 450000100090000000300040000900500170001300800410003001000170007102000150008804000130010304200090011605000210012510000290014624501260017526000340030130000330033552001640036852100070053252600080053956200060054765000320055365000290058565000290061465000290064370000320067270000360070470000320074073000410077283000360081390600450084994200200089499900170091495201260093113352147OSt20140310184419.0030925s2003 nyua b 000 1 eng  a 2003277850 a0439418151 aDLCcDLC alcac00aPZ 7b.B772 20031 aJennings, Sharon.92657510aFranklin stays up /c[story written by Sharon Jennings ; illustrated by Sean Jeffrey, Shelley Southern and Jelena Sisic]. aNew York :bScholastic,c2003 a32 p. :bcol. ill. ;c23 cm. aFranklin wants to stay up all night, so he invites his friends to an overnight in a his backyard, but they find that staying awake is harder than they thought. aG1 c130 e1 1aSleepoversvFiction.926576 1aCampingvFiction.926577 1aTurtlesvFiction.926578 1aAnimalsvFiction.9265791 aJeffrey, Sean,eill.9265801 aSouthern, Shelley,eill.9265811 aSisic, Jelena,eill.9265820 aFranklin (Television program)926583 0aKids can read (New York)926584 a7bcbccorignewd2encipf20gy-gencatlg 2lcccBK-SCHOLAS c34199d34199 00102lcc40aLUXbLUXcSCHOd2013-10-08l1oPZ 7 .B772 2003pLEX2774r2017-04-18 00:00:00s2017-01-17t1w2013-10-08yBK